Happiness : (Record no. 3255)

MARC details
000 -LEADER
fixed length control field 00487nam a2200133 4500
001 - CONTROL NUMBER
control field 3988
005 - DATE AND TIME OF LATEST TRANSACTION
control field 20181127172342.0
090 00 - LOCALLY ASSIGNED LC-TYPE CALL NUMBER (OCLC); LOCAL CALL NUMBER (RLIN)
Classification number (OCLC) (R) ; Classification number, CALL (RLIN) (NR) 338.95 R8884h 2013
245 00 - TITLE STATEMENT
Title Happiness :
Remainder of title Towards a new development paradigm : Report of the Kingdom of Bhutan /
Statement of responsibility, etc. Royal Government of Bhutan.
Medium
260 00 - PUBLICATION, DISTRIBUTION, ETC.
Place of publication, distribution, etc. [Thimphu] :
Name of publisher, distributor, etc. Royal Government of Bhutan,
Date of publication, distribution, etc. 2013.
300 00 - PHYSICAL DESCRIPTION
Extent 62 p. ; 24 cm.
500 ## - GENERAL NOTE
General note Electronic copy available on RTC Cloud in "Library" folder
650 00 - SUBJECT ADDED ENTRY--TOPICAL TERM
Topical term or geographic name entry element Sustainable development --Bhutan.
General subdivision
Holdings
Withdrawn status Lost status Source of classification or shelving scheme Damaged status Not for loan Collection code Home library Current library Shelving location Serial Enumeration / chronology Inventory number Total Checkouts Full call number Barcode Date last seen Copy number Price effective from Koha item type Date last checked out
    Dewey Decimal Classification     Reference RTC Library RTC Library Reference 10297   338.95 REP 30000500 27/11/2018 7 27/11/2018 Reference  
    Dewey Decimal Classification     Main TEST RTC Library RTC Library Main opac 6725   338.95 REP 30006456 27/11/2018 1 27/11/2018 Main  
    Dewey Decimal Classification     Main TEST RTC Library RTC Library Main opac 5420   338.95 REP 30000452 27/11/2018 2 27/11/2018 Main  
    Dewey Decimal Classification     Main TEST RTC Library RTC Library Main opac 6743 1 338.95 REP 30000466 04/05/2019 3 27/11/2018 Main 03/05/2019
    Dewey Decimal Classification     Main TEST RTC Library RTC Library Main opac 5411   338.95 REP 30000497 27/11/2018 4 27/11/2018 Main  
    Dewey Decimal Classification     Reference RTC Library RTC Library Reference 5839   338.95 REP 30011280 27/11/2018 5 27/11/2018 Reference  
    Dewey Decimal Classification     Main TEST RTC Library RTC Library Main opac 6750 1 338.95 REP 30000491 18/03/2019 6 27/11/2018 Main 13/03/2019
Royal Thimphu College || All Right Reserved